000282904 001__ 282904
000282904 005__ 20260201102025.0
000282904 022__ $$a3050-5623$$l3050-5623
000282904 0247_ $$2ZDBID$$aPERI:(DE-600)3207004-4
000282904 0247_ $$2ZDBPPN$$aZDPPN:1355589541
000282904 0247_ $$2EZBID$$aPERI:(DE-606)528055
000282904 0247_ $$2EZBID$$aPERI:(DE-606)528055
000282904 0247_ $$2OCLC$$aOCLC:1499137227
000282904 0247_ $$2SCOPUS$$aSCOPUS:21101321304
000282904 0247_ $$2Medline$$amedline:9918956160806676
000282904 035__ $$aPERI:(DE-600)3207004-4
000282904 040__ $$a0089$$bger$$cDE-101$$dJOIN²$$eJOIN² journal identification
000282904 041__ $$aeng
000282904 044__ $$cXD-US
000282904 082__ $$223sdnb$$a570$$qDE-600
000282904 08274 $$223sdnb$$a570$$qDE-600
000282904 2100_ $$2dnlm$$aCell Biomater
000282904 2100_ $$2iso$$aCell Biomater
000282904 24220 $$2DE-600$$aCell biomaterials$$yen
000282904 24220 $$2DE-600$$aCell biomaterials
000282904 245__ $$2DE-600$$aCell biomaterials$$honline
000282904 2463_ $$2DE-600$$aCell biomaterials
000282904 2463_ $$aCell biomaterials
000282904 260__ $$aCambridge, MA$$bCell Press$$c[2025]-
000282904 260_1 $$0Host:(DE-Juel1)60$$2DE-Juel1$$aElsevier
000282904 26431 $$aCambridge, MA$$bCell Press$$c[2025]-
000282904 3620_ $$2DE-600$$aVolume 1, issue 1 (February 25, 2025)-
000282904 36301 $$2DE-600$$81.1\x$$a1$$b1$$i2025$$j2$$k24
000282904 380__ $$2marcgt$$ajournal
000282904 500__ $$aAutomatically generated record. (Updated: 2025-11-12)
000282904 650_7 $$0ASJC:2502$$2ASJC$$aBiomaterials
000282904 650_7 $$0ASJC:2204$$2ASJC$$aBiomedical Engineering
000282904 650_7 $$0ASJC:1601$$2ASJC$$aChemistry (miscellaneous)
000282904 65310 $$2EZB-Subject$$aBiology, Biotechnology
000282904 65310 $$2EZB-Subject$$aChemistry and Pharmacology
000282904 65310 $$2EZB-Keyword$$aBiochemie
000282904 8564_ $$d0$$uhttps://ezb.ur.de/?3207004-4$$yEZB
000282904 8564_ $$d0$$uhttps://www.cell.com/cell-biomaterials/home$$yVerlag
000282904 8801_ $$2DE-600$$aCell biomaterials
000282904 909CO $$ooai:juser.fz-juelich.de:1049531$$pauthority$$pauthority:PERI
000282904 909CO $$ooai:juser.fz-juelich.de:1049531
000282904 915__ $$0StatID:(DE-HGF)0200$$2StatID$$aDBCoverage$$bSCOPUS$$d2025-11-12
000282904 915__ $$0StatID:(DE-HGF)0300$$2StatID$$aDBCoverage$$bMedline$$d2025-11-12
000282904 936__ $$aA sibling journal to Cell , Matter and Chem
000282904 980__ $$aPERI
000282904 980__ $$aAUTHORITY